Звездные годы земли Томской: сборник статей

Podrobná bibliografie
Korporativní autor: Совет старейшин г. Томск (570)
Další autoři: Николаев М. Г. (редактор)
Shrnutí:В сборнике статей выступают рабочие, государственные деятели, Герои Социалистического труда, видные ученые, отдавшие много сил для экономического и социального развития области. К сожалению, некоторые из них ушли из жизни. Книга расчитана на широкий круг читателей: работающих в разных отраслях народного хозяйства, пенсионеров — участников преобразований в экономической и социальной сфере области, преподавателей, студентов и учащихся.
Jazyk:ruština
Vydáno: Томск, Дельтаплан, 2010
Vydání:2-е изд., испр. и доп.
Témata:
Médium: MixedMaterials Kniha
KOHA link:https://koha.lib.tpu.ru/cgi-bin/koha/opac-detail.pl?biblionumber=328287

MARC

LEADER 00000nam0a2200000 4500
001 328287
005 20231102004039.0
035 |a (RuTPU)RU\TPU\book\353987 
035 |a RU\TPU\book\22969 
090 |a 328287 
100 |a 20170215d2010 m y0rusy50 ca 
101 0 |a rus 
102 |a RU 
105 |a ac z 000zy 
200 1 |a Звездные годы земли Томской  |e сборник статей  |f Совет старейшин г. Томск ; под ред. М. Г. Николаева 
205 |a 2-е изд., испр. и доп. 
210 |a Томск  |c Дельтаплан  |d 2010 
215 |a 336 с.  |c ил. 
317 |5 63413507: КР-2324  |a Поступила в НТБ в 2017 г. в составе книжного собрания ректора ТПИ И. П. Чучалина 
320 |9 572  |a Краткие данные авторов статей : 326-333 
330 |a В сборнике статей выступают рабочие, государственные деятели, Герои Социалистического труда, видные ученые, отдавшие много сил для экономического и социального развития области. К сожалению, некоторые из них ушли из жизни. Книга расчитана на широкий круг читателей: работающих в разных отраслях народного хозяйства, пенсионеров — участников преобразований в экономической и социальной сфере области, преподавателей, студентов и учащихся. 
600 1 |a Лигачев  |b Е. К.  |c российский государственный и политический деятель  |c секретарь ЦК КПСС 1983-1990, почетный гражданин Томска и Томской области  |f 1920-  |g Егор Кузьмич  |y Томск  |2 stltpush  |3 (RuTPU)RU\TPU\pers\31476  |9 15637 
601 0 2 |a Томский электромеханический завод (ТЭМЗ)  |c (1939- )  |2 stltpush  |3 (RuTPU)RU\TPU\col\17457 
601 0 2 |a Научно-исследовательский институт полупрводниковых приборов (НИИПП)  |c (Томск)  |2 stltpush  |3 (RuTPU)RU\TPU\col\3401 
606 1 |a Томская область  |x История  |2 stltpush  |3 (RuTPU)RU\TPU\subj\67227  |9 83110 
610 1 |a Сибирь 
610 1 |a Томск 
610 1 |a воспоминания 
610 1 |a статьи 
610 1 |a государственное управление 
610 1 |a образование 
610 1 |a наука 
610 1 |a академические институты 
610 1 |a нефтегазовая промышленность 
610 1 |a строительство 
610 1 |a сельское хозяйство 
610 1 |a культура 
610 1 |a коллекция И. П. Чучалина 
610 1 |a дары библиотеке 
686 |a Т3(253.3-4Том)  |v LBC/SL-A  |2 rubbk 
702 1 |a Николаев  |b М. Г.  |4 340 
712 0 2 |a Совет старейшин г. Томск  |4 570 
801 0 |a RU  |b 63413507  |c 20011209  |g PSBO 
801 2 |a RU  |b 63413507  |c 20200528  |g PSBO 
942 |c BK